Principios de aritmética científico práctica dirigida a las escuelas. Parte 1ª

Gespeichert in:
Bibliographische Detailangaben
1. Verfasser: Riera, Cayetano
Format: keine Angabe
Sprache:Spanisch
Erschienen: 1-Barcelona,España Imprenta José Torner 1835
Ausgabe:
Katalog:MANES:  Suchergebnis im Bibliothekskatalog
Schulbuchspezifische Eigenschaften:
Tags: Tag hinzufügen
Keine Tags, Fügen Sie den ersten Tag hinzu!
Hinzugefügt zu:26.04.2016

MARC

LEADER 000000000a22000000004500
001 20037
003 OSt
008 160427s sp ||||| |||| 00| 0 spa d
041 1 |a spa 
040 |c centro_manes 
691 7 |a PRI 
100 1 |a Riera, Cayetano  |9 14269 
245 0 0 |a Principios de aritmética científico práctica dirigida a las escuelas. Parte 1ª 
250 |a 4ª 
260 3 |a 1-Barcelona,España  |b Imprenta José Torner  |c 1835 
300 |a 204 p.  |c 15 cm. 
690 0 |a MATE 
942 |2 ddc  |c BK 
546 |a España 
999 |c 26005  |d 26005 
999 |c manes:26005  |d 26005